000 00312nam a22001337a 4500
008 170904b xxu||||| |||| 00| 0 eng d
020 _a9781285119397
041 _aeng
080 _a070
100 _a40
101 _aMED
245 _aCOMPOSITION AND COMMUNICATION WORBOOK
_cSELLNOV.D
942 _2udc
_cBK
999 _c26019
_d26019